Animals in Germanic Languages - Statistics

General Stats
  • This quiz has been taken 340 times
  • The average score is 27 of 77
Answer Stats
Hint Answer % Correct
Dog Hund
95%
Dog Hund
95%
Dog Hund
95%
Dog Hund
95%
Cat Kat
94%
Cat Kat
94%
Cat Kat
94%
Cat Katze
81%
Fish Fisch
78%
Mouse Maus
78%
Schwein
76%
Horse Pferd
75%
Wolf Wolf
75%
Wolf Wolf
75%
Bear Bär
70%
Ger Cow Kuh
70%
Swe Cow Ko
61%
Tanska Cow Ko
61%
Shark Hai
50%
Mouse Mus
48%
Mouse Mus
48%
Mouse Mus
48%
Mouse Mús
48%
Dog Hond
43%
Moose Elk
41%
Fish Fisk
40%
Fish Fisk
40%
Fish Fisk
40%
Bear Björn
36%
Bear Bjørn
36%
Bear Bjørn
36%
Cat Katt
32%
Dutch Cow Koe
32%
Bear Beer
30%
Moose Elch
30%
Guinea pig Meerschweinchen
30%
Parrot Papagei
28%
Fish Vis
26%
Wolf Ulv
25%
Horse Hest
24%
Horse Hest
24%
Mouse Muis
23%
Horse Paard
23%
Pig Svin
23%
Svin
23%
Svin
23%
Moose Elg
18%
Moose Elg
18%
Horse Häst
18%
Wolf Ulv
18%
Gris
17%
Wolf Varg
17%
Shark Haai
15%
Shark Haj
15%
Shark Haj
15%
Varken
15%
Elk Älg
14%
Norja Cow Kue
12%
Dog Hundur
11%
Guinea pig Marsvin
11%
Guinea pig Marsvin
11%
Guinea pig Marsvin
11%
Fish Fiskur
10%
Islandic Horse Hestur
8%
Guinea pig Cavia
7%
Wolf Ûlfur
7%
Parrot Papegoja
6%
Moose Hert
5%
Cat Köttur
5%
Parrot Papegøye
5%
Shark Hákarl
3%
Cow Kýr
3%
Parrot Papegøje
3%
Bear Bera
1%
Guinea pig Naggris
0%
Parrot Páfagaugur
0%
Parrot Papegaaie
0%
No matching quizzes found
Score Distribution
Percent of People with Each Score
Percentile by Number Answered
Your Score History
You have not taken this quiz